| 000 | 00577nam a22001817a 4500 | ||
|---|---|---|---|
| 999 |
_c14785 _d14785 |
||
| 003 | AR-CdUCM | ||
| 008 | 190424b ||||| |||| 00| 0 spa d | ||
| 040 |
_aMUNICIPALIDAD PROVINCIAL DEL CUSCO _cBIBLIOTECA MUNICIPAL DEL CUSCO |
||
| 082 |
_a336.36 / _bF36 |
||
| 245 |
_aFartac : _bdispositivos legales referentes a las comunidades campesinas / |
||
| 260 |
_aCusco : _bCBC, _c1982. |
||
| 300 |
_a36 páginas ; _c22 cm. |
||
| 650 |
_aFartac. _933480 |
||
| 650 |
_asocialismo. _94183 |
||
| 650 |
_aComunidad campesina. _915202 |
||
| 942 |
_2ddc _cFOLLETOS |
||
| 945 |
_awfj _d2019-04-24 |
||